Les ceintures au judo ou au karaté - Statistiques

Statistiques générales
  • Ce quiz a été pris 1 298 fois
  • Le résultat moyen est 8 sur 9
Statistiques - réponses
Grade Couleur % Correct
6e kyu Blanche
94%
5e kyu Jaune
94%
4e kyu Orange
91%
1er kyu Marron
85%
1er au 5e dan Noire
85%
3e kyu Verte
84%
9e au 10e dan Rouge
80%
2e kyu Bleue
79%
au-delà Blanche
60%
Aucun quiz correspondant
Distribution des résultats
% des personnes avec chaque résultat
Percentile par nombre de réponses
Votre historique - résultats
Vous n’avez pas pris ce quiz